Návrat do Nádhernie

Korporativní autor: Character Building Studio (firma)
Další autoři: Disney Storybook Artists
Jazyk: Čeština
Vydáno: V Praze : Egmont Publishing, 2017
Vydání: První vydání
Edice: Disney. Sofie První
Disney Junior (Egmont)
Témata:
Fyzický popis: 127 stran : barevné ilustrace ; 24 x 25 cm
Knihy
Uloženo v:
LEADER 01780nam a2200529 i 4500
001 nkc20172920200
003 CZ PrNK
005 20170828141600.0
007 ta
008 170816s2017 xr a b 000 j cze
015 |a cnb002920200 
020 |a 978-80-252-4027-4  |q (vázáno) :  |c Kč 299,00 
035 |a (OCoLC)1003285255 
040 |a ABA001  |b cze  |e rda 
041 1 |a cze  |h eng 
072 7 |a 821-93  |x Literatura pro děti a mládež (beletrie)  |2 Konspekt  |9 26 
080 |a 821-32  |2 MRF 
080 |a 821-93  |2 MRF 
080 |a (0:82-32)  |2 MRF 
245 0 0 |a Návrat do Nádhernie 
246 3 |a Sofie První - Návrat do Nádhernie 
250 |a První vydání 
264 1 |a V Praze :  |b Egmont Publishing,  |c 2017 
300 |a 127 stran :  |b barevné ilustrace ;  |c 24 x 25 cm 
336 |a text  |b txt  |2 rdacontent 
336 |a statický obraz  |b sti  |2 rdacontent 
337 |a bez média  |b n  |2 rdamedia 
338 |a svazek  |b nc  |2 rdacarrier 
490 1 |a Disney. Sofie První 
490 1 |a Disney Junior 
500 |a Přeloženo z angličtiny 
500 |a Ilustrace: Character Building Studio, Disney Storybook Artists 
521 8 |a Pro děti od 4 let 
655 7 |a příběhy  |7 fd133204  |2 czenas 
655 7 |a publikace pro děti  |7 fd133156  |2 czenas 
655 9 |a stories  |2 eczenas 
655 9 |a children's literature  |2 eczenas 
710 2 |a Character Building Studio (firma)  |7 mzk2015869435  |4 ill 
710 2 |a Disney Storybook Artists  |7 mzk2009490531  |4 ill 
830 0 |a Disney.  |p Sofie První  |0 s 
830 0 |a Disney Junior (Egmont)  |0 s 
910 2 |a BOA001  |b 2-1391.980 
928 9 |a Egmont ČR 
990 |a BK 
995 |a 01 
991 |b 201708  |c NOV 
996 6 |b 2610715200  |c 2-1391.980  |l MZK  |r Sklad / do 1 hodiny  |n 0  |p p.v.  |w 001624154  |u 000010  |a 1  |e BOA001  |j MZK50  |s P